Statistics for British Labour Party leaders

Click here to take the quiz!

General Stats

  • This quiz has been taken 1,464 times
  • The average score is 9 of 19

Answer Stats

Leader% Correct
Tony Blair
98%
Gordon Brown
96%
Harold Wilson
79%
Ed Miliband
77%
James Callaghan
74%
Neil Kinnock
74%
Clement Attlee
68%
John Smith
68%
Michael Foot
68%
Harriet Harman
52%
Ramsay MacDonald
52%
Margaret Beckett
34%
Hugh Gaitskell
28%
George Brown
13%
Arthur Henderson
10%
George Lansbury
8%
John Robert Clynes
2%
William Adamson
2%
George Nicoll Barnes
1%

Score Distribution

Percentile by Number Answered

Percent of People with Each Score

Your Score History

You have not taken this quiz